Detalles MARC
| 000 -CABECERA |
| campo de control de longitud fija |
01708nam a2200241 a 4500 |
| 001 - NÚMERO DE CONTROL |
| campo de control |
|
| 003 - IDENTIFICADOR DEL NÚMERO DE CONTROL |
| campo de control |
OSt |
| 005 - FECHA Y HORA DE LA ÚLTIMA TRANSACCIÓN |
| campo de control |
20230215083523.0 |
| 008 - DATOS DE LONGITUD FIJA--INFORMACIÓN GENERAL |
| campo de control de longitud fija |
180327s2012 dr 000 0 spa d |
| 040 ## - FUENTE DE LA CATALOGACIÓN |
| Centro catalogador/agencia de origen |
DO-SdBNP |
| Lengua de catalogación |
spa |
| Centro/agencia transcriptor |
BNPHU |
| 082 #4 - NÚMERO DE LA CLASIFICACIÓN DECIMAL DEWEY |
| Número de clasificación |
343.034 |
| Número de documento/Ítem |
R426L, 2012 |
| Número de edición |
22 |
| 110 2# - ENTRADA PRINCIPAL--NOMBRE DE ENTIDAD CORPORATIVA |
| Nombre de entidad corporativa o nombre de jurisdicción como elemento de entrada |
República Dominicana |
| 9 (RLIN) |
11088 |
| Unidad subordinada |
Ministerio de Hacienda. |
| -- |
Dirección General de Presupuesto. |
| 240 ## - TÍTULO UNIFORME |
| Título uniforme |
[Leyes, etc.] |
| 245 10 - MENCIÓN DE TÍTULO |
| Título |
Ley de presupuesto general del Estado, 2012 |
| 260 ## - PUBLICACIÓN, DISTRIBUCIÓN, ETC. |
| Lugar de publicación, distribución, etc. |
Santo Domingo : |
| Nombre del editor, distribuidor, etc. |
Ministerio de Hacienda, |
| Fecha de publicación, distribución, etc. |
2012 |
| 300 ## - DESCRIPCIÓN FÍSICA |
| Extensión |
v. ; |
| Dimensiones |
28 cm. |
| 500 ## - NOTA GENERAL |
| Nota general |
Publicación oficial |
| 505 2# - NOTA DE CONTENIDO CON FORMATO |
| Nota de contenido con formato |
v.1. : Informe explicativo presupuesto 2012 -- |
| Título |
Primera parte : Ley de presupuesto general del Estado 2012 -- |
| -- |
Gráficos sobre los ingresos -- |
| -- |
Información de los gastos 2012 -- |
| -- |
Gráficos sobre los gastos -- |
| -- |
Transferencias a instituciones por fuentes de financiamiento -- |
| -- |
Financiamiento y ejecución de proyectos de inversión -- |
| -- |
Tercera parte : Ditribución institución de los gastos apropiados -- |
| -- |
Poder Legislativo : |
| -- |
Poder Ejecutivo -- |
| -- |
Poder Judicial -- |
| -- |
Organismos especiales -- |
| -- |
Categoría institucionales -- |
| -- |
v.2 : Primera parte : Informaciones sobre los ingresos año 2012 -- |
| -- |
Informaciones sobre los gastos año 2012 -- |
| -- |
Instituciones descentralizadas y autónomas no financieras -- |
| -- |
Segunda parte : Instituciones públicas de la seguridad social -- |
| -- |
Informaciones sobre los ingresos año 2012 -- |
| -- |
Informaciones sobre los gasto año 2012 -- |
| -- |
Instituciones públicas de la seguridad social. |
| 590 ## - NOTA LOCAL (RLIN) |
| Nota local |
Inventariado, 2021 /VM |
| 650 #4 - PUNTO DE ACCESO ADICIONAL DE MATERIA--TÉRMINO DE MATERIA |
| Término de materia o nombre geográfico como elemento de entrada |
Presupuesto |
| Subdivisión general |
Legislación |
| Subdivisión geográfica |
República Dominicana |
| 9 (RLIN) |
7940 |
| Fuente del encabezamiento o término |
|
| Subdivisión cronológica |
2012 |
| 910 ## - DATOS DE OPCIÓN DEL USUARIO (OCLC) |
| Datos de opción del usuario |
VMateo/Validado. Control de calidad MFF |
| 942 ## - ELEMENTOS DE PUNTO DE ACCESO ADICIONAL (KOHA) |
| Fuente del sistema de clasificación o colocación |
Dewey Decimal Classification |
| Tipo de ítem Koha |
Libro |